000 01228nam a2200217Ia 4500
999 _c9587
_d9587
005 20250618165556.0
008 231003s9999 xx 000 0 und d
020 _a9500263548
040 _aUPAN
_cBiblioteca San Vicente
_eRCAA2
041 _aspa
082 _a302.2
_bB475p
_c2000
100 _aBerlo, David, K
_4aut.
245 0 _aEl proceso de la comunicación./
_bDavid K. Berlo
250 _a2° ed.
260 _aArgentina:
_bEditorial El ateneo,
_c2000
300 _a265 p.:
_c23 cm.
505 _aIntroducción. 1. Comunicación. Alcances y fines. 2. Un modelo del proceso de comunicación. 3. una fidelidad en la comunicación. determinantes del efecto. 4. Aprendizaje, la comunicación en un contexto personal. 5. La interacción, objetivo de la comunicación interpersonal. 6. Sistemas sociales. Matriz de la comunicación. 7. Significado y comunicación. 8. Dimensiones del significado. 9. Observaciones y juicios. La estructuración de la percepción. 10. Inferencia. La aplicación del rigor estructural. 11. Definición. Un intento de especificar el significado.
650 _2LEMB
_aProcedimiento
_xComunicación
700 _aSilvira Roura Gonzalez
_4tr.
942 _cBK
_2ddc